| 000 | 005150000a22001930004500 | ||
|---|---|---|---|
| 020 | _a0-8499-0036-0 | ||
| 041 | 0 | _aENG | |
| 082 | 0 | 4 | _aG 232.9 M4788j |
| 100 | 1 | _aMckenna, David L. (Loren) (1929-) | |
| 245 | 1 | 0 | _aThe Jesus model / David L McKenna |
| 260 | _aWaco, TX., USA : Word | ||
| 300 | _a182 Pag | ||
| 650 | 1 | 4 | _aJESUCRISTO - PSICOLOGIA \ VIDA CRISTIANA |
| 001 | 3728 | ||
| 942 | _cBK | ||
| 999 |
_c34367 _d34367 |
||
| 336 |
_atexto _btxt _2rdacontent |
||
| 337 |
_2rdamedia _asin mediación _bn |
||
| 338 |
_2rdacarrier _avolumen _bnc |
||